| 000 | 00503nam a2200181Ia 4500 | ||
|---|---|---|---|
| 003 | LK-CoDNM | ||
| 008 | 010623t2004 xxu||||| |||| 00| 1 eng d | ||
| 040 |
_aLK-CoDNM _dLK-CoDNM _eLK-CoDNM |
||
| 041 | _aeng | ||
| 080 |
_a36.011.6 _bGAN |
||
| 100 | _aGanepola, Varuni | ||
| 245 | _aDimensions of conflict outside the north and east of Sri Lanka | ||
| 260 |
_bA centre for poverty analysis _aSri Lanka _c2004 |
||
| 300 | _b12, 21 cm | ||
| 500 | _a4 | ||
| 700 | _aThalayasingam, Prashan | ||
| 942 | _cBK | ||
| 999 |
_c123406 _d123406 |
||